[Event "Barcelona Sants op 11th"]
[Site "Barcelona"]
[Date "2009.07.19"]
[Round "7"]
[White "Nadal Garcia, Lluis"]
[Black "Bieg Pagel, Clemens"]
[Result "0-1"]
[WhiteElo "2021"]
[BlackElo "1910"]
[PlyCount "64"]
[EventDate "2009.07.13"]
[EventType "swiss"]
[EventRounds "9"]
[EventCountry "ESP"]
[SourceTitle "CBM 131 Extra"]
[Source "ChessBase"]
[SourceDate "2009.09.03"]
[SourceVersion "2"]
[SourceVersionDate "2009.09.16"]
[SourceQuality "1"]

1. e4 Nf6 2. e5 Nd5 3. Nc3 Nxc3 4. dxc3 d6 5. Bf4 g6 6. Qf3 Bg7 7. 0-0-0 Nd7 8. Bc4 0-0 9. e6 fxe6 10. Bxe6+ Kh8 11. Qe3 Ne5 12. Bxc8 Qxc8 13. Bxe5 Bxe5 14. g3 Qg4 15. h3 Qa4 16. Kb1 Rf5 17. f4 Bf6 18. Ne2 Rb5 19. Rhe1 Qa3 20. Qc1 c5 21. g4 Rc8 22. g5 Bg7 23. h4 Rc6 24. b3 Qa5 25. Rd3 c4 26. Re3 cxb3 27. cxb3 Ra6 28. Qb2 e5 29. Nd4 Rd5 30. Ne6 exf4 31. Nxf4 Be5 32. Nxd5 Qxd5 0-1

[Event "Barcelona Sants op 11th"]
[Site "Barcelona"]
[Date "2009.07.16"]
[Round "4"]
[White "Nadal Garcia, Lluis"]
[Black "Sanchez Criado, Lluis"]
[Result "1/2-1/2"]
[WhiteElo "2021"]
[BlackElo "2171"]
[PlyCount "54"]
[EventDate "2009.07.13"]
[EventType "swiss"]
[EventRounds "9"]
[EventCountry "ESP"]
[SourceTitle "CBM 131 Extra"]
[Source "ChessBase"]
[SourceDate "2009.09.03"]
[SourceVersion "2"]
[SourceVersionDate "2009.09.16"]
[SourceQuality "1"]

1. e4 c6 2. d4 d5 3. Nc3 dxe4 4. Nxe4 Bf5 5. Ng3 Bg6 6. Nf3 Nd7 7. Bd3 Ngf6 8. 0-0 e6 9. Bf4 Be7 10. c3 0-0 11. Bxg6 hxg6 12. Qe2 Nd5 13. Bc1 Re8 14. Ne4 N5f6 15. Neg5 Nh7 16. h4 Nxg5 17. Bxg5 Bxg5 18. hxg5 Qc7 19. Rae1 Qf4 20. g3 Qf5 21. Kg2 Kf8 22. Rh1 Ke7 23. Rh4 Rh8 24. Reh1 Rxh4 25. Rxh4 Rf8 26. c4 Kd8 27. Qd2 Kc8 1/2-1/2

[Event "Barcelona Sants op 11th"]
[Site "Barcelona"]
[Date "2009.07.15"]
[Round "3"]
[White "Munoz Pantoja, Miguel Angel"]
[Black "Nadal Garcia, Lluis"]
[Result "1-0"]
[WhiteElo "2427"]
[BlackElo "2021"]
[PlyCount "49"]
[EventDate "2009.07.13"]
[EventType "swiss"]
[EventRounds "9"]
[EventCountry "ESP"]
[SourceTitle "CBM 131 Extra"]
[Source "ChessBase"]
[SourceDate "2009.09.03"]
[SourceVersion "2"]
[SourceVersionDate "2009.09.16"]
[SourceQuality "1"]

1. e4 e6 2. d4 d5 3. Nd2 dxe4 4. Nxe4 Nf6 5. Bg5 Nbd7 6. Nf3 Be7 7. Bxf6 Nxf6 8. Nxf6+ Bxf6 9. c3 0-0 10. Bd3 c5 11. dxc5 Qc7 12. Qc2 h6 13. 0-0-0 Qxc5 14. g4 Bg5+ 15. Kb1 Bf4 16. h4 e5 17. Bh7+ Kh8 18. Bf5 g6 19. Bxc8 Raxc8 20. h5 g5 21. Qf5 Kg7 22. Rd7 Rcd8 23. Qg6+ Kh8 24. Qxh6+ Kg8 25. Nxg5 1-0

[Event "Barbera del Valles op 32nd"]
[Site "Barbera del Valles"]
[Date "2009.07.11"]
[Round "8"]
[White "Nadal Garcia, Lluis"]
[Black "Sanchez Jerez, Emilio Miguel"]
[Result "0-1"]
[WhiteElo "2021"]
[BlackElo "2212"]
[PlyCount "82"]
[EventDate "2009.07.04"]
[EventType "swiss"]
[EventRounds "9"]
[EventCountry "ESP"]
[SourceTitle "CBM 131 Extra"]
[Source "ChessBase"]
[SourceDate "2009.09.03"]
[SourceVersion "2"]
[SourceVersionDate "2009.09.16"]
[SourceQuality "1"]

1. d4 g6 2. c4 Bg7 3. e4 d6 4. Nc3 Nc6 5. Be3 Nh6 6. f3 f5 7. Qd2 Nf7 8. 0-0-0 0-0 9. h4 f4 10. Bf2 e5 11. Nge2 a6 12. d5 Ne7 13. Kb1 c5 14. Ng1 Bd7 15. Nh3 Bh6 16. Bd3 Qc7 17. Ng5 Nxg5 18. hxg5 Bxg5 19. g4 Rf7 20. Bh4 Bxh4 21. Rxh4 g5 22. Rh6 Ng6 23. Rdh1 Be8 24. R1h5 Qe7 25. Qh2 Rg7 26. Rh3 Nh4 27. a3 Bg6 28. Na2 Qf8 29. Nc1 Rc7 30. R3xh4 gxh4 31. Qxh4 b5 32. g5 Rb8 33. b3 Rg7 34. Ne2 Qd8 35. Qg4 Bf7 36. Rf6 Qxf6 37. gxf6 Rxg4 38. fxg4 Bg6 39. Kc2 bxc4 40. bxc4 Kf7 41. g5 h6 0-1

[Event "Barbera del Valles op 32nd"]
[Site "Barbera del Valles"]
[Date "2009.07.09"]
[Round "6"]
[White "Fabre Massana, Miquel"]
[Black "Nadal Garcia, Lluis"]
[Result "1-0"]
[WhiteElo "2151"]
[BlackElo "2021"]
[PlyCount "75"]
[EventDate "2009.07.04"]
[EventType "swiss"]
[EventRounds "9"]
[EventCountry "ESP"]
[SourceTitle "CBM 131 Extra"]
[Source "ChessBase"]
[SourceDate "2009.09.03"]
[SourceVersion "2"]
[SourceVersionDate "2009.09.16"]
[SourceQuality "1"]

1. e4 e5 2. Nf3 Nc6 3. Bc4 Nf6 4. Ng5 d5 5. exd5 b5 6. Bxb5 Qxd5 7. Bf1 Bc5 8. d3 Ng4 9. Nh3 f5 10. Nc3 Qd4 11. Qf3 e4 12. dxe4 Nce5 13. Qd1 Qxf2+ 14. Nxf2 Bxf2+ 15. Ke2 Ba6+ 16. Qd3 Nxd3 17. cxd3 fxe4 18. Nxe4 Bb6 19. Bf4 0-0 20. g3 Rae8 21. Kd2 g5 22. Bxg5 Nf2 23. Nxf2 Rxf2+ 24. Kc3 Bb7 25. Bh3 Re5 26. Bf4 Rc5+ 27. Kb4 Rxb2+ 28. Ka3 Rbc2 29. Be6+ Kg7 30. Bb3 Ra5+ 31. Ba4 Bc6 32. Be5+ Kg6 33. Rhf1 Rxa4+ 34. Kb3 Rxh2 35. Rf6+ Kg5 36. Rxc6 Ra5 37. d4 Rd2 38. Bf4+ 1-0

[Event "Barcelona Sant Marti op 10th"]
[Site "Barcelona"]
[Date "2008.09.07"]
[Round "6"]
[White "Nadal Garcia, Lluis"]
[Black "Garcia Riera, Josep"]
[Result "0-1"]
[WhiteElo "2048"]
[BlackElo "2022"]
[PlyCount "64"]
[EventDate "2008.09.01"]
[EventType "swiss"]
[EventRounds "9"]
[EventCountry "ESP"]
[SourceTitle "EXT 2009"]
[Source "ChessBase"]
[SourceDate "2008.11.26"]
[SourceVersion "1"]
[SourceVersionDate "2008.11.26"]
[SourceQuality "1"]

1. d4 d5 2. Nc3 Bf5 3. Nf3 e6 4. Ne5 Nd7 5. Bf4 Bd6 6. e3 Ngf6 7. Be2 0-0 8. g4 Bg6 9. h4 h6 10. g5 Ne4 11. gxh6 Bb4 12. hxg7 Kxg7 13. Kf1 Bxc3 14. bxc3 Nxc3 15. Qe1 Ne4 16. f3 Nef6 17. Bg5 Qe8 18. Nxd7 Nxd7 19. h5 Bf5 20. Bd3 Bxd3+ 21. cxd3 Kh7 22. Qh4 f6 23. Bf4 e5 24. dxe5 fxe5 25. Bh2 Rxf3+ 26. Ke2 Qf7 27. Rhg1 Rf8 28. Rg2 Rxe3+ 29. Kd2 Rxd3+ 30. Kc2 Rf3 31. Rag1 Rf2+ 32. Kd1 Rxg2 0-1

[Event "Barcelona Ideal Clave op 13th"]
[Site "Barcelona"]
[Date "2007.10.20"]
[Round "3.3"]
[White "Sorribas Bussons, Joan"]
[Black "Nadal Garcia, Lluis"]
[Result "0-1"]
[WhiteElo "2006"]
[BlackElo "2126"]
[PlyCount "74"]
[EventDate "2007.09.29"]
[EventType "swiss"]
[EventRounds "8"]
[EventCountry "ESP"]
[SourceTitle "EXT 2024"]
[Source "ChessBase"]
[SourceDate "2023.10.10"]
[SourceVersion "1"]
[SourceVersionDate "2023.10.10"]
[SourceQuality "1"]

1. Nf3 f5 2. g3 Nf6 3. Bg2 g6 4. 0-0 Bg7 5. d4 0-0 6. c3 Kh8 7. Bg5 d6 8. Qc1 c6 9. Bh6 Qe8 10. Bxg7+ Kxg7 11. Qf4 Nbd7 12. Nbd2 e5 13. dxe5 dxe5 14. Qc4 Nb6 15. Qc5 e4 16. Ng5 h6 17. Nh3 Be6 18. Nf4 Rd8 19. Nb3 Bf7 20. e3 g5 21. Ne2 Bc4 22. Nbd4 Rd5 23. Qa3 c5 24. b3 cxd4 25. bxc4 Nxc4 26. Qxa7 dxe3 27. fxe3 Qa8 28. Qxa8 Rxa8 29. Nd4 Kg6 30. Rfe1 Ra3 31. h3 Rxc3 32. Kf2 Ne5 33. Re2 b5 34. Rb1 b4 35. Kf1 Nd3 36. Rd2 Rdc5 37. Ke2 Nh5 0-1

[Event "Barcelona Ideal Clave op 13th"]
[Site "Barcelona"]
[Date "2007.10.06"]
[Round "2.6"]
[White "Nadal Garcia, Lluis"]
[Black "Vela Lascuevas, Pascual"]
[Result "1-0"]
[WhiteElo "2126"]
[BlackElo "1751"]
[PlyCount "49"]
[EventDate "2007.09.29"]
[EventType "swiss"]
[EventRounds "8"]
[EventCountry "ESP"]
[SourceTitle "EXT 2024"]
[Source "ChessBase"]
[SourceDate "2023.10.10"]
[SourceVersion "1"]
[SourceVersionDate "2023.10.10"]
[SourceQuality "1"]

1. e4 d5 2. Nc3 dxe4 3. Nxe4 Qd4 4. Nc3 Qd6 5. d4 Nf6 6. Nf3 a6 7. Be2 Nc6 8. 0-0 Bf5 9. g3 0-0-0 10. Bf4 Qb4 11. a3 Qxb2 12. Bd3 Bg4 13. Qd2 Bxf3 14. Rfb1 Qxa1 15. Rxa1 Nxd4 16. Be5 Nc6 17. Bxc7 Rd7 18. Bb6 e6 19. Qf4 Bd5 20. Qa4 Bd6 21. Bxa6 bxa6 22. Nxd5 Nxd5 23. Qxc6+ Nc7 24. Bxc7 Bxc7 25. Qxa6+ 1-0

[Event "Barbera del Valles op-A 30th"]
[Site "Barbera del Valles"]
[Date "2007.07.07"]
[Round "2"]
[White "Asensio Linan, Teodoro"]
[Black "Nadal Garcia, Lluis"]
[Result "0-1"]
[WhiteElo "2276"]
[BlackElo "2073"]
[PlyCount "112"]
[EventDate "2007.07.06"]
[EventType "swiss"]
[EventRounds "9"]
[EventCountry "ESP"]
[SourceTitle "CBM 119 Extra"]
[Source "ChessBase"]
[SourceDate "2007.09.04"]
[SourceVersion "1"]
[SourceVersionDate "2007.09.04"]
[SourceQuality "1"]

1. d4 e6 2. e4 d5 3. Nc3 dxe4 4. Nxe4 Bd7 5. Nf3 Bc6 6. Bd3 Nd7 7. 0-0 Ngf6 8. Ned2 Bxf3 9. Qxf3 c6 10. a4 Be7 11. a5 a6 12. Nc4 0-0 13. Bf4 Nd5 14. Qh3 g6 15. Bh6 Re8 16. c3 c5 17. Rfe1 Bf8 18. Bxf8 Nxf8 19. Qg4 cxd4 20. Qxd4 Qc7 21. Ne5 Rad8 22. Rad1 Nd7 23. Ng4 Qf4 24. Re4 Qg5 25. h4 Qxh4 26. Rde1 N7f6 27. g3 Qg5 28. Nxf6+ Nxf6 29. Qc4 Nxe4 30. Bxe4 Qxa5 31. Bxb7 Qb6 32. Bxa6 Qxb2 33. Qc6 Qd2 34. Re3 Re7 35. Qb6 Qd6 36. Qb4 Qd1+ 37. Bf1 Red7 38. c4 h5 39. c5 Rd4 40. Qb7 Rc4 41. Rf3 Rf8 42. Rd3 Qc1 43. Qe7 Rxc5 44. Kg2 Rf5 45. Be2 Qc5 46. Qxc5 Rxc5 47. Rd7 Rd5 48. Ra7 Rb8 49. Bf3 Rd2 50. Ra8 Rxa8 51. Bxa8 Kg7 52. Kf3 g5 53. Ke3 Rb2 54. Kf3 f5 55. Bc6 h4 56. gxh4 gxh4 0-1

[Event "Barbera del Valles op-A 30th"]
[Site "Barbera del Valles"]
[Date "2007.07.06"]
[Round "1"]
[White "Nadal Garcia, Lluis"]
[Black "Rojas Keim, Luis Alberto"]
[Result "1/2-1/2"]
[WhiteElo "2073"]
[BlackElo "2385"]
[PlyCount "105"]
[EventDate "2007.07.06"]
[EventType "swiss"]
[EventRounds "9"]
[EventCountry "ESP"]
[SourceTitle "CBM 119 Extra"]
[Source "ChessBase"]
[SourceDate "2007.09.04"]
[SourceVersion "1"]
[SourceVersionDate "2007.09.04"]
[SourceQuality "1"]

1. e4 e6 2. d4 d5 3. Nc3 Bb4 4. Bd2 Ne7 5. exd5 exd5 6. Bd3 Nbc6 7. Nge2 Bf5 8. Bf4 Qd7 9. 0-0 0-0 10. Re1 Ba5 11. Ng3 Bxd3 12. Qxd3 Ng6 13. Bd2 Bb6 14. Nce2 f5 15. Nh5 Rae8 16. c3 Qd6 17. Nef4 Re4 18. Qg3 Rfe8 19. f3 Rxe1+ 20. Rxe1 Rxe1+ 21. Bxe1 Nce7 22. Nxg6 Qxg6 23. Qe5 Qf7 24. Nf4 Ng6 25. Nxg6 hxg6 26. b4 a5 27. a3 c6 28. Bg3 Kh7 29. Qf4 Bd8 30. Qe3 g5 31. Be5 f4 32. Qd3+ Qg6 33. Qxg6+ Kxg6 34. Kf2 axb4 35. axb4 Bf6 36. Bc7 Kf5 37. h3 Ke6 38. Ke2 Kd7 39. Bb6 Bd8 40. Bc5 b6 41. Bf8 Bf6 42. Kd3 Ke6 43. b5 cxb5 44. Bb4 Be7 45. Ke2 Bxb4 46. cxb4 Kf5 47. Kf2 Kg6 48. Kg1 Kh5 49. Kf2 Kh4 50. Kg1 Kg3 51. Kf1 Kh2 52. Kf2 Kh1 53. Kf1 1/2-1/2

[Event "Catalunya-ch"]
[Site "Barcelona"]
[Date "2007.04.04"]
[Round "4"]
[White "Ibanez Tarradellas, Eduardo"]
[Black "Nadal Garcia, Lluis"]
[Result "1-0"]
[WhiteElo "2247"]
[BlackElo "2092"]
[PlyCount "99"]
[EventDate "2007.04.01"]
[EventType "swiss"]
[EventRounds "9"]
[EventCountry "ESP"]
[SourceTitle "CBM 117 Extra"]
[Source "ChessBase"]
[SourceDate "2007.05.09"]
[SourceVersion "1"]
[SourceVersionDate "2007.05.09"]
[SourceQuality "1"]

1. d4 e6 2. Nf3 d5 3. Bg5 Be7 4. Bxe7 Qxe7 5. Nbd2 f5 6. g3 Nf6 7. Bg2 0-0 8. 0-0 c6 9. Ne5 Nbd7 10. Nxd7 Bxd7 11. c4 Be8 12. Rc1 Bh5 13. Nf3 Bxf3 14. exf3 Qb4 15. Qe2 Rae8 16. a3 Qd6 17. c5 Qc7 18. Rfe1 Re7 19. f4 Rfe8 20. b4 h5 21. h4 g6 22. f3 Kf7 23. a4 Nd7 24. Rc3 Qb8 25. b5 Qc7 26. Rb1 Qa5 27. Qb2 Rb8 28. Bf1 Ree8 29. Kf2 Rg8 30. Ke3 Rge8 31. Qb4 Qd8 32. Rcb3 Kg8 33. a5 Qf6 34. Qa4 e5 35. fxe5 Nxe5 36. dxe5 Rxe5+ 37. Kf2 Rbe8 38. bxc6 bxc6 39. Rb8 R5e7 40. a6 Qc3 41. Qxc6 Qe3+ 42. Kg2 Kg7 43. Rxe8 Rxe8 44. Rb7+ Re7 45. Rxe7+ Qxe7 46. Qb7 Kf6 47. Qxe7+ Kxe7 48. Kf2 d4 49. Bc4 Kd7 50. Bd5 1-0

[Event "Martorell op-B"]
[Site "Martorell"]
[Date "1997.??.??"]
[Round "3"]
[White "Palomo Muriana, Ramon"]
[Black "Nadal Garcia, Lluis"]
[Result "0-1"]
[WhiteElo "1820"]
[BlackElo "1930"]
[PlyCount "48"]
[EventDate "1997.09.??"]
[EventType "swiss"]
[EventRounds "8"]
[EventCountry "ESP"]
[SourceTitle "EXT 2003"]
[Source "ChessBase"]
[SourceDate "2002.11.25"]
[SourceVersion "1"]
[SourceVersionDate "2002.11.25"]
[SourceQuality "1"]

1. d4 e5 2. g3 exd4 3. Qxd4 Nc6 4. Qd1 Nf6 5. Bg2 Bc5 6. e3 0-0 7. b3 Re8 8. Nd2 d5 9. h3 d4 10. e4 Bf5 11. Ngf3 Nxe4 12. Nxe4 Rxe4+ 13. Kf1 Re8 14. a3 Qe7 15. b4 Bb6 16. b5 Na5 17. Bg5 f6 18. Bf4 Rad8 19. g4 Be4 20. Nd2 Bxg2+ 21. Kxg2 Qc5 22. a4 d3 23. Be3 dxc2 24. Bxc5 cxd1Q 0-1